| 000 | 00609nam a2200133Ia 4500 | ||
|---|---|---|---|
| 008 | 171212s9999 xx 000 0 und d | ||
| 020 | _a9780874216295 | ||
| 100 | _aBishop, Wendy;Starkey, David | ||
| 245 |
_cBishop, Wendy;Starkey, David _aKeywords in Creative Writing |
||
| 260 |
_bUniversity Press of Colorado _c2006 |
||
| 650 | _aEducation | ||
| 650 | _aEnglish language -- Rhetoric -- Study and teaching -- Terminology; Creative writing -- Study and teaching -- Terminology; English language -- Rhetoric -- Terminology; Creative writing -- Terminology | ||
| 856 | _uwww.jstor.org/stable/10.2307/j.ctt4cgr61 | ||
| 999 |
_c353098 _d353098 |
||